Los Angeles Angels: Home Run Leader Every Year - Statistics

General Stats
  • This quiz has been taken 132 times
    65 since last reset
  • The average score is 31 of 63
Answer Stats
Year Player Home Runs % Correct
2014 Mike Trout 36
100%
2015 Mike Trout 41
100%
2017 Mike Trout 33
100%
2018 Mike Trout 39
100%
2019 Mike Trout 45
100%
2020 Mike Trout 17
100%
2022 Mike Trout 40
100%
2021 Shohei Ohtani 46
90%
2023 Shohei Ohtani 44
90%
1993 Tim Salmon 31
88%
1995 Tim Salmon 34
88%
1996 Tim Salmon 30
88%
1997 Tim Salmon 33
88%
1998 Tim Salmon 26
88%
2004 Vladimir Guerrero 39
79%
2005 Vladimir Guerrero 32
79%
2006 Vladimir Guerrero 33
79%
2007 Vladimir Guerrero 27
79%
2008 Vladimir Guerrero 27
79%
2000 Troy Glaus 47
76%
2001 Troy Glaus 41
76%
2002 Troy Glaus 30
76%
2016 Albert Pujols 31
74%
2003 Garret Anderson 29
67%
1982 Reggie Jackson 39
62%
1984 Reggie Jackson 25
62%
1985 Reggie Jackson 27
62%
2011 Mark Trumbo 29
50%
2012 Mark Trumbo 32
50%
2013 Mark Trumbo 34
50%
1987 Wally Joyner 34
45%
1978 Don Baylor 34
40%
1979 Don Baylor 36
40%
1965 Jim Fregosi 15
40%
1970 Jim Fregosi 22
40%
1988 Brian Downing 25
38%
1989 Chili Davis 22
38%
1994 Chili Davis 26
38%
1981 Bobby Grich 22
36%
1991 Dave Winfield 28
33%
1990 Lance Parrish 24
26%
1999 Mo Vaughn 33
26%
1986 Doug DeCinces 26
24%
2010 Mike Napoli 26
24%
1976 Bobby Bonds 10
19%
1977 Bobby Bonds 37
19%
1983 Fred Lynn 22
19%
2009 Kendrys Morales 34
17%
1973 Frank Robinson 30
14%
1974 Frank Robinson 20
14%
1980 Jason Thompson 17
12%
1961 Leon Wagner 28
12%
1962 Leon Wagner 37
12%
1963 Leon Wagner 26
12%
1992 Gary Gaetti 12
10%
1972 Bob Oliver 19
7%
1967 Don Mincher 25
7%
1971 Ken McMullen 21
7%
1968 Rick Reichardt 21
5%
1969 Rick Reichardt 13
5%
1964 Joe Adcock 21
2%
1966 Joe Adcock 28
2%
1975 Leroy Stanton 14
2%
No matching quizzes found
Score Distribution
Percent of People with Each Score
Percentile by Number Answered
Your Score History
You have not taken this quiz since the last reset